Cuadernos del sur 13 /

Guardado en:
Formato: Libro
Publicado: Bah¡a Blanca : Departamento de Humanidades, 1980
Series:Cuadernos del sur, 13
Materias:
Etiquetas: Agregar Etiqueta
Sin Etiquetas, Sea el primero en etiquetar este registro!
LEADER 01404nam a22002655a 4500
001 CEM.cems006975
005 20060214000000.0
008 130507s1980##################000#0#####d
003 CEMS
082 0 4 |a 001.3 
245 0 0 |a Cuadernos del sur 13 / 
260 |a Bah¡a Blanca :  |b Departamento de Humanidades,  |c 1980 
300 |a 195 p. 
490 0 |a Cuadernos del sur, 13 
505 0 |a La Argentina del 80, por H. A. Silva.- El pensamiento de la generaci¢n del 80, por F. Weinberg.- Las descripciónes en 1880, por M. Br¢ndolo de Mazeris.- La situaci¢n lingu¡stica bonaerense un siglo atr s, por M. B. Fontanella de Weinberg.- Idealismo y realismo en laprosa del 80, por Dinko Cvitanovic.- La generaci¢n del 80 y los fil¢sofos positivistas, por Manuel Tr¡as... La consideraci¢n del indio americano en la obra de Leopoldo D¡az, por P. Mor n Obiol.- 
653 |a Cuadernos del sur 13 
653 |a Filosofia argentina 
653 |a Generacion del 80 
653 |a Historia argentina 
653 |a Historia argentina 1880- 
859 |a CEMS  |b BIB. CEMS - 11 de abril  |h 001.3  |i C891-13  |p 11482.82  |t Ej.1 
859 |a CEMS  |b BIB. CEMS - 11 de abril  |h 001.3  |i C891-13  |p 12718.83  |t Ej.2 
859 |a CEMS  |b BIB. CEMS - 11 de abril  |h 001.3  |i C891-13  |p 13143.84  |t Ej.3 
859 |a CEMS  |b BIB. CEMS - 11 de abril  |h 001.3  |i C891-13  |p 13157.84  |t Ej.4 
859 |a CEMS  |b BIB. CEMS - 11 de abril  |h 001.3  |i C891-13  |p 14189.88  |t Ej.5